[Event "15th Governor Cup 2019"]
[Site "Khanty-Mansiysk"]
[Date "2019.11.22"]
[Round "5.20"]
[White "Dorofeeva, Nyurguiaana"]
[Black "Semenova, Elena"]
[Result "0-1"]
[WhiteElo "1848"]
[BlackElo "2282"]
[Annotator "ChessBase"]
[PlyCount "42"]
[EventDate "2019.11.19"]
[EventType "swiss"]
[EventCountry "RUS"]
[SourceTitle "playchess.com"]
[Source "ChessBase"]
[SourceQuality "1"]
[TimeControl "5400+30"]

1. Nf3 {[%emt 0:00:00]} d5 {[%emt 0:00:00]} 2. c4 {[%emt 0:00:00]} d4 {[%emt 0:00:24]} 3. b4 {[%emt 0:00:22]} g6 {[%emt 0:03:15]} 4. Bb2 {[%emt 0:00:55]} Bg7 {[%emt 0:00:29]} 5. e3 {[%emt 0:03:56]} e5 {[%emt 0:00:44]} 6. Qa4+ {[%emt 0:06:23]} Bd7 {[%emt 0:06:24]} 7. Qa3 {[%emt 0:00:33]} Bf5 {[%emt 0:02:09]} 8. exd4 {[%emt 0:08:46]} e4 {[%emt 0:09:09]} 9. d5 {[%emt 0:08:57]} Bxb2 {[%emt 0:13:27]} 10. Qxb2 {[%emt 0:00:09]} exf3 {[%emt 0:03:50]} 11. Qxh8 {[%emt 0:03:43]} Qe7+ {[%emt 0:00:04]} 12. Kd1 {[%emt 0:00:11]} Kf8 {[%emt 0:00:27]} 13. Qc3 {[%emt 0:06:29]} Na6 {[%emt 0:12:27]} 14. a3 {[%emt 0:04:33]} Re8 {[%emt 0:02:50]} 15. Bd3 {[%emt 0:14:46]} fxg2 {[%emt 0:08:30]} 16. Rg1 {[%emt 0:00:05]} Qg5 {[%emt 0:13:27]} 17. Bxf5 {[%emt 0:03:15]} Qh5+ 18. Bg4 Qxh2 {[%emt 0:08:38]} 19. Rxg2 {[%emt 0:12:09]} Qxg2 {[%emt 0:00:06]} 20. Bf3 {[%emt 0:06:31]} Qxf2 {[%emt 0:00:20]} 21. d4 {[%emt 0:01:07]} Re3 {[%emt 0:00:43]} 0-1

[Event "15th Governor Cup 2019"]
[Site "Khanty-Mansiysk"]
[Date "2019.11.22"]
[Round "5.21"]
[White "Voskresenskaya, Marta"]
[Black "Mukhina, Jana"]
[Result "0-1"]
[WhiteElo "1859"]
[BlackElo "2105"]
[Annotator "ChessBase"]
[PlyCount "62"]
[EventDate "2019.11.19"]
[EventType "swiss"]
[EventCountry "RUS"]
[SourceTitle "playchess.com"]
[Source "ChessBase"]
[SourceQuality "1"]
[TimeControl "5400+30"]

1. d4 {[%emt 0:00:00]} d5 {[%emt 0:00:00]} 2. Nf3 {[%emt 0:00:00]} Nc6 {[%emt 0:00:00]} 3. c4 {[%emt 0:01:52]} Bg4 {[%emt 0:00:07]} 4. e3 {[%emt 0:00:48]} e5 {[%emt 0:04:55]} 5. Be2 {[%emt 0:10:03]} exd4 {[%emt 0:05:28]} 6. Nxd4 {[%emt 0:01:57]} Bxe2 {[%emt 0:00:19]} 7. Nxe2 {[%emt 0:01:51]} dxc4 {[%emt 0:01:55]} 8. Qa4 {[%emt 0:00:12]} Qd5 {[%emt 0:14:43]} 9. O-O {[%emt 0:02:12]} O-O-O {[%emt 0:04:38]} 10. Nd2 {[%emt 0:10:06]} Bb4 {[%emt 0:02:35]} 11. Nc3 {[%emt 0:05:05]} Qa5 {[%emt 0:02:15]} 12. Qc2 {[%emt 0:02:33]} Ne5 {[%emt 0:06:44]} 13. f4 {[%emt 0:02:17]} Bxc3 {[%emt 0:01:48]} 14. Qxc3 {[%emt 0:02:40]} Qxc3 {[%emt 0:00:25]} 15. bxc3 {[%emt 0:00:02]} Nd3 {[%emt 0:01:59]} 16. Nxc4 {[%emt 0:00:11]} Nf6 {[%emt 0:00:08]} 17. Rb1 {[%emt 0:02:39]} Ne4 {[%emt 0:00:43]} 18. Rb3 {[%emt 0:00:25]} Rhe8 {[%emt 0:10:19]} 19. Ba3 {[%emt 0:04:48]} a6 {[%emt 0:01:40]} 20. Rd1 {[%emt 0:02:58]} Nxf4 {[%emt 0:10:02]} 21. Nd6+ {[%emt 0:01:06]} Nxd6 {[%emt 0:01:34]} 22. exf4 {[%emt 0:00:03]} Nc4 {[%emt 0:01:01]} 23. Rxd8+ {[%emt 0:02:06]} Rxd8 {[%emt 0:00:08]} 24. Bc5 {[%emt 0:01:23]} Rd1+ {[%emt 0:00:25]} 25. Kf2 {[%emt 0:00:02]} Rd2+ {[%emt 0:00:08]} 26. Kg3 {[%emt 0:01:37]} Rd3+ {[%emt 0:02:09]} 27. Kg4 {[%emt 0:01:17]} Rd2 {[%emt 0:02:12]} 28. Kg3 {[%emt 0:00:04]} Rxa2 {[%emt 0:00:15]} 29. Rb4 {[%emt 0:00:07]} Nd2 {[%emt 0:03:45]} 30. Rd4 {[%emt 0:00:05]} Nb3 {[%emt 0:01:00]} 31. Rd5 {[%emt 0:00:22]} Ra5 {[%emt 0:00:35]} 0-1

[Event "15th Governor Cup 2019"]
[Site "Khanty-Mansiysk"]
[Date "2019.11.22"]
[Round "5.22"]
[White "Mironenko, Galina"]
[Black "Kochukova, Anna"]
[Result "1/2-1/2"]
[WhiteElo "2236"]
[BlackElo "2117"]
[Annotator "NA"]
[PlyCount "153"]
[EventDate "2019.11.19"]
[EventType "swiss"]
[EventCountry "RUS"]
[SourceTitle "playchess.com"]
[Source "ChessBase"]
[SourceQuality "1"]
[TimeControl "5400+30"]

1. e4 {[%emt 0:00:00]} c5 {[%emt 0:00:00]} 2. Nf3 {[%emt 0:00:00]} e6 {[%emt 0:00:00]} 3. g3 {[%emt 0:00:00]} Nc6 {[%emt 0:00:13]} 4. Bg2 {[%emt 0:00:00]} g6 {[%emt 0:00:09]} 5. d4 {[%emt 0:00:55]} cxd4 {[%emt 0:01:01]} 6. Nxd4 {[%emt 0:00:11]} a6 {[%emt 0:00:33]} 7. Nc3 {[%emt 0:04:49]} Bg7 {[%emt 0:01:01]} 8. Be3 {[%emt 0:01:06]} Nge7 {[%emt 0:04:55]} 9. O-O {[%emt 0:03:26]} O-O {[%emt 0:02:12]} 10. Nde2 {[%emt 0:07:12]} d6 {[%emt 0:09:26]} 11. Qc1 {[%emt 0:11:30]} b5 {[%emt 0:05:21]} 12. Rd1 {[%emt 0:06:33]} Qc7 {[%emt 0:01:14]} 13. a3 {[%emt 0:02:38]} Rd8 {[%emt 0:08:18]} 14. Bg5 {[%emt 0:05:15]} Bb7 {[%emt 0:02:37]} 15. h4 {[%emt 0:02:16]} h5 $15 {[%emt 0:06:23]} 16. Bh6 {[%emt 0:07:19]} Bh8 {[%emt 0:02:18]} 17. Nf4 {[%emt 0:05:46]} Ne5 {[%emt 0:03:16]} 18. Nce2 {[%emt 0:08:18]} Rdc8 {[%emt 0:05:11]} 19. c3 {[%emt 0:08:08]} Ng4 {[%emt 0:03:56]} 20. Nh3 {[%emt 0:00:50]} Nxh6 {[%emt 0:03:51]} 21. Qxh6 {[%emt 0:00:07]} Bg7 {[%emt 0:00:13]} 22. Qf4 {[%emt 0:00:20]} d5 {[%emt 0:02:19]} 23. exd5 {[%emt 0:01:46]} Nxd5 {[%emt 0:00:48]} 24. Qxc7 {[%emt 0:02:21]} Rxc7 {[%emt 0:00:06]} 25. Nhf4 {[%emt 0:00:23]} Nb6 {[%emt 0:05:42]} 26. Bxb7 {[%emt 0:01:16]} Rxb7 {[%emt 0:00:01]} 27. Nd3 {[%emt 0:00:56]} Rc8 {[%emt 0:01:10]} 28. Kf1 {[%emt 0:04:01]} Kf8 {[%emt 0:02:56]} 29. Nd4 {[%emt 0:02:52]} Bxd4 {[%emt 0:03:01]} 30. cxd4 {[%emt 0:00:05]} a5 {[%emt 0:00:33]} 31. b3 {[%emt 0:04:39]} Nd5 {[%emt 0:06:30]} 32. Rac1 {[%emt 0:01:29]} Rbc7 {[%emt 0:00:50]} 33. Rxc7 {[%emt 0:02:34]} Rxc7 {[%emt 0:00:06]} 34. Rc1 {[%emt 0:01:46]} Rxc1+ {[%emt 0:02:21]} 35. Nxc1 {[%emt 0:00:05]} Nc3 {[%emt 0:00:11]} 36. Ke1 {[%emt 0:02:07]} a4 {[%emt 0:03:09]} 37. Kd2 {[%emt 0:01:40]} Ne4+ {[%emt 0:01:54]} 38. Ke3 {[%emt 0:00:23]} axb3 {[%emt 0:00:25]} 39. Nxb3 {[%emt 0:00:31]} Nd6 {[%emt 0:02:32]} 40. Nd2 {[%emt 0:00:31]} Ke7 {[%emt 0:01:26]} 41. Kd3 {[%emt 0:01:28]} Kd7 {[%emt 0:00:23]} 42. Nb1 {[%emt 0:01:50]} Kc6 {[%emt 0:01:14]} 43. Nd2 {[%emt 0:01:08]} Kb6 {[%emt 0:02:31]} 44. Kc3 {[%emt 0:00:44]} Ka5 {[%emt 0:00:30]} 45. Kb3 {[%emt 0:00:29]} Nf5 {[%emt 0:00:40]} 46. Nf3 {[%emt 0:00:38]} f6 {[%emt 0:00:02]} 47. Kc3 {[%emt 0:00:33]} Ka4 {[%emt 0:02:58]} 48. Kb2 {[%emt 0:00:21]} Nd6 {[%emt 0:00:02]} 49. Nd2 {[%emt 0:00:29]} g5 {[%emt 0:00:03]} 50. f3 {[%emt 0:00:42]} gxh4 {[%emt 0:02:21]} 51. gxh4 {[%emt 0:00:05]} Nf5 {[%emt 0:00:11]} 52. Ne4 {[%emt 0:00:19]} Nxh4 {[%emt 0:00:12]} 53. Nxf6 {[%emt 0:00:27]} Nxf3 {[%emt 0:00:04]} 54. Nxh5 {[%emt 0:00:09]} Nxd4 {[%emt 0:00:07]} 55. Nf4 {[%emt 0:00:45]} e5 {[%emt 0:01:01]} 56. Nd3 {[%emt 0:00:10]} Nc6 {[%emt 0:00:34]} 57. Nc5+ {[%emt 0:00:42]} Ka5 {[%emt 0:00:01]} 58. Kb3 {[%emt 0:00:32]} Kb6 {[%emt 0:03:37]} 59. Nd7+ {[%emt 0:00:14]} Ka5 {[%emt 0:00:13]} 60. Nc5 {[%emt 0:00:10]} Nd4+ {[%emt 0:00:49]} 61. Kc3 {[%emt 0:00:48]} Nf5 {[%emt 0:00:43]} 62. Kb3 {[%emt 0:00:50]} Ne7 {[%emt 0:02:39]} 63. a4 {[%emt 0:00:44]} b4 {[%emt 0:00:22]} 64. Nb7+ {[%emt 0:01:00]} Kb6 {[%emt 0:00:31]} 65. Nd6 {[%emt 0:00:26]} Nc6 {[%emt 0:00:32]} 66. Ne4 {[%emt 0:00:27]} Kc7 {[%emt 0:01:28]} 67. Kc4 {[%emt 0:00:22]} Kb6 {[%emt 0:00:21]} 68. Kb3 {[%emt 0:00:09]} Ka5 {[%emt 0:00:07]} 69. Nc5 {[%emt 0:00:32]} Nd4+ {[%emt 0:00:29]} 70. Kc4 {[%emt 0:00:33]} Nf3 {[%emt 0:00:30]} 71. Kb3 {[%emt 0:00:56]} Nd2+ {[%emt 0:00:45]} 72. Kc2 {[%emt 0:00:24]} Nc4 {[%emt 0:00:19]} 73. Kb3 {[%emt 0:00:25]} Nd2+ {[%emt 0:00:28]} 74. Kc2 {[%emt 0:00:05]} Nf3 {[%emt 0:00:02]} 75. Kb3 {[%emt 0:00:13]} Ne1 {[%emt 0:00:41]} 76. Kc4 {[%emt 0:01:11]} Nf3 {[%emt 0:00:33]} 77. Kb3 {[%emt 0:00:04]} 1/2-1/2

[Event "15th Governor Cup 2019"]
[Site "Khanty-Mansiysk"]
[Date "2019.11.22"]
[Round "6.1"]
[White "Rakhmanov, Aleksandr"]
[Black "Timofeev, Artyom"]
[Result "1/2-1/2"]
[WhiteElo "2638"]
[BlackElo "2595"]
[Annotator "TA"]
[PlyCount "89"]
[EventDate "2019.11.19"]
[EventType "swiss"]
[EventCountry "RUS"]
[SourceTitle "playchess.com"]
[Source "ChessBase"]
[SourceQuality "1"]

{[%evp 18,89,35,23,26,0,4,-9,-6,-11,-6,-15,20,20,20,20,20,17,21,20,30,13,30,13,10,8,16,8,75,70,67,39,44,38,51,23,24,8,37,0,0,0,0,0,0,0,0,0,0,0,0,0,0,0,0,0,0,0,0,0,0,0,0,0,0,0,0,0,0,0,0,0,0,-20]} 1. d4 Nf6 2. c4 e6 3. Nc3 Bb4 4. e3 O-O 5. Nf3 c5 6. Bd3 d5 7. cxd5 exd5 8. dxc5 Bxc5 9. h3 Nc6 10. O-O Qe7 {D37: Queen's Gambit Declined: 5 Bf4} (10... Be6 11. b3 Qe7 12. Bb2 Rfd8 13. Ne2 Ne4 14. Nfd4 Ne5 15. Nf4 Bxd4 16. Bxd4 Nxd3 17. Qxd3 Bf5 18. Qe2 {½-½ (48) Salem,A (2638)-Amin,B (2689) Riadh 2017}) 11. a3 Ne5 12. Nxe5 Qxe5 13. Qf3 Bd7 $146 ({Predecessor:} 13... Bd6 14. Qf4 Qxf4 15. exf4 Re8 16. Be3 Bd7 17. Rac1 d4 18. Bxd4 Bxf4 {½-½ (25) Segal,A-Ungureanu,E Bucharest 1970}) 14. Bd2 d4 15. exd4 Qxd4 16. Bg5 {[#] Hoping for Bxf6.} h6 $1 {[%cal Rh6g5]} 17. Bxf6 Qxf6 18. Qxf6 gxf6 19. Rfd1 Be6 20. Be4 f5 21. Bxb7 Rab8 22. Na4 Rxb7 (22... Bxf2+ $11 23. Kxf2 Rxb7) 23. Nxc5 $16 Rxb2 24. Rd6 Rb6 25. Rad1 Re8 26. Kh2 Kg7 27. R1d2 Re7 28. f3 Kf6 {The position is equal.} 29. Rd8 Rc7 30. Nd7+ (30. Nxe6 {keeps more tension.} fxe6 31. Rh8 Kg6 32. Rdd8 Ra6 33. Rde8) 30... Bxd7 31. R2xd7 Rxd7 32. Rxd7 $11 {[%mdl 4096] Endgame KR-KR} Ra6 33. Rd3 Ra4 34. Kg3 h5 35. h4 Ke5 36. Re3+ Kd6 {[#] And now ...f4+ would win.} 37. Kh3 f4 38. Rc3 f6 39. Rd3+ Ke6 40. Kh2 a5 41. Rb3 Kf7 42. Kg1 Kg6 43. Kf2 Rc4 44. Ke2 Rc2+ 45. Kf1 {Accuracy: White = 60%, Black = 72%.} 1/2-1/2

[Event "15th Governor Cup 2019"]
[Site "Khanty-Mansiysk"]
[Date "2019.11.22"]
[Round "6.2"]
[White "Bocharov, Dmitry"]
[Black "Kokarev, Dmitry"]
[Result "1/2-1/2"]
[WhiteElo "2519"]
[BlackElo "2601"]
[Annotator "TA"]
[PlyCount "107"]
[EventDate "2019.11.19"]
[EventType "swiss"]
[EventCountry "RUS"]
[SourceTitle "playchess.com"]
[Source "ChessBase"]
[SourceQuality "1"]

{[%evp 17,107,0,30,14,40,33,36,35,48,38,72,64,72,76,71,78,64,53,58,64,96,88,100,110,106,106,91,93,98,93,104,104,131,97,107,111,111,107,120,120,127,122,128,132,120,124,121,37,35,27,85,25,36,35,35,35,35,35,58,36,58,36,43,43,58,58,58,58,65,65,69,0,6,0,0,0,0,0,0,0,0,0,0,0,0,0,0,0,0,0,4,18]} 1. Nf3 Nf6 2. g3 g6 3. b3 c5 4. c4 Bg7 5. Bb2 d6 6. Bg2 e5 7. O-O O-O 8. Nc3 Nc6 9. d3 h6 10. e3 {A38: Symmetrical English vs ...g6: 4 Bg2 Bg7 5 Nf3 Nf6} (10. Nd2 Be6 11. Nde4 Qd7 12. Nxf6+ Bxf6 13. a3 Bg7 14. Nd5 Rab8 15. b4 b6 16. Bc3 Ne7 17. Nxe7+ Qxe7 18. a4 Qd7 19. Qd2 d5 20. bxc5 bxc5 21. cxd5 Bxd5 {½-½ (36) Artemiev,V (2653)-Gelfand,B (2725) Moscow 2016}) 10... Re8 11. Nd2 Bg4 12. Qc2 $146 {White is slightly better.} ({Predecessor:} 12. Bf3 Bxf3 13. Qxf3 Nb4 14. e4 a6 15. Rac1 Nc6 16. Rfe1 b5 17. Qg2 Rb8 18. Nf1 Nb4 19. Red1 h5 20. Ne3 Bh6 {½-½ (20) Panchenko,A (2412)-Pavlov,S (2459) Kiev 2005}) 12... Qd7 13. Nde4 Nxe4 14. dxe4 a6 15. Nd5 Nb4 {[#]} 16. Nxb4 $1 cxb4 17. f3 Be6 18. f4 {Hoping for f5.} exf4 19. Bxg7 Kxg7 20. exf4 {And now f5 would win.} Bh3 21. Bxh3 Qxh3 22. Rad1 Qe6 23. Rd4 Rac8 24. Qd2 a5 25. Re1 ({Much less strong is} 25. Rxd6 $6 Qxe4 26. Qb2+ Kg8 $14) 25... Rc6 26. Rd5 Ra6 27. Kg2 h5 28. Re2 Kh7 29. h3 Qf6 30. Rb5 Re7 31. Qd5 a4 {[#]} 32. Rxb4 (32. Qg5 $1 $16 {[%cal Rg5f6]} Qxg5 33. fxg5) 32... axb3 $14 33. Rxb3 Rc6 (33... h4 $11) 34. Rd3 (34. Rf2 $16) 34... Rec7 35. h4 (35. Rd4 {keeps more tension.} Rb6 36. Rdd2 Rbc6 37. Qg5 Kg7 38. h4) 35... Rxc4 36. Qxd6 Qxd6 37. Rxd6 {[%mdl 4096] Endgame KRR-KRR} Rc3 38. Rdd2 Kg7 39. e5 Ra3 40. Kh2 Kf8 41. Rb2 Rcc3 42. Rg2 Rc7 43. Rb6 Kg7 44. e6 (44. Rb5 $14) 44... Ra6 {The position is equal.} 45. Rxa6 bxa6 46. exf7 $11 {KR-KR} Rc3 47. Rf2 Ra3 48. f5 {Intending fxg6 and mate.} (48. f8=B+ {seems wilder.} Kxf8 49. Rc2 Ke7 50. Re2+ Kf7 51. Kg2) 48... Kxf7 49. Kh3 Kf6 50. fxg6+ Kxg6 51. Rc2 Kg7 52. Rb2 Kg6 53. Rf2 Kg7 54. Rd2 {Accuracy: White = 62%, Black = 54%.} 1/2-1/2

[Event "15th Governor Cup 2019"]
[Site "Khanty-Mansiysk"]
[Date "2019.11.22"]
[Round "6.3"]
[White "Sakaev, Konstantin"]
[Black "Iljiushenok, Ilia"]
[Result "1-0"]
[WhiteElo "2595"]
[BlackElo "2532"]
[Annotator "TA"]
[PlyCount "69"]
[EventDate "2019.11.19"]
[EventType "swiss"]
[EventCountry "RUS"]
[SourceTitle "playchess.com"]
[Source "ChessBase"]
[SourceQuality "1"]

{[%evp 24,69,56,16,31,0,33,3,34,31,24,25,37,34,33,33,63,59,63,63,66,57,58,50,91,89,97,16,107,105,100,80,131,116,135,97,222,220,353,355,642,336,1230,1219,2396,2137,2106,2044]} 1. d4 Nf6 2. c4 e6 3. Nf3 c5 4. d5 exd5 5. cxd5 d6 6. Nc3 g6 7. e4 a6 8. a4 Bg4 9. Be2 Bxf3 10. Bxf3 Bg7 11. Bf4 O-O 12. O-O Qe7 13. Qb3 Nbd7 {A75: Modern Benoni: Classical: 9...a6 10 a4 Bg4} 14. Rfe1 Rab8 15. h3 Ne5 {The position is equal.} (15... Rfe8 16. Rad1 h5 17. Bg5 Qf8 18. g3 Nh7 19. Be3 h4 20. Bg4 Ndf6 21. gxh4 Nxe4 {½-½ (44) Lajthajm,B (2493)-Kovacevic,A (2581) Cetinje 2010}) 16. Be2 Rfc8 17. a5 $146 ({Predecessor:} 17. Bh2 c4 {1-0 (49) Loch,H (2089)-Grandidier,R (1979) Germany 2006}) 17... Nfd7 18. Na4 c4 19. Qb4 Nc5 20. Nb6 Rd8 21. Nxc4 Nxc4 22. Bxc4 Qf6 23. Be3 $36 {[%mdl 2048] White has good play.} Nxe4 24. Ba7 Ra8 {[#]} 25. Qxb7 (25. Bb6 $1 $16 Re8 26. Rab1) 25... Nc5 (25... Qxb2 $11 {remains equal.} 26. Rab1 (26. Qxa6 $2 Bd4 $19) 26... Qc2) 26. Bxc5 $1 $16 dxc5 27. b3 Qf5 (27... Rdb8 $142 28. Qc7 Rc8) 28. Ra2 Bc3 29. Rd1 Re8 (29... Qd7 $16 {was called for.} 30. Qxd7 (30. Bxa6 Qd6 $16) 30... Rxd7) 30. d6 Rad8 (30... Reb8 {keeps fighting.} 31. Qd5 Qxd5 32. Bxd5 (32. Rxd5 Rd8 $18) 32... Ra7) 31. Qxa6 $18 Qf4 $2 {[#]} (31... Bd4 32. Rf1 Rf8) 32. Qc6 Re4 $2 (32... Bd4 33. a6 Qxd6 34. Qxd6 Rxd6) 33. a6 {White is clearly winning.} Rde8 34. d7 Re1+ 35. Bf1 {Accuracy: White = 55%, Black = 24%.} 1-0

[Event "15th Governor Cup 2019"]
[Site "Khanty-Mansiysk"]
[Date "2019.11.22"]
[Round "6.4"]
[White "Goganov, Aleksey"]
[Black "Bocharov, Ivan"]
[Result "1-0"]
[WhiteElo "2565"]
[BlackElo "2571"]
[Annotator "ChessBase"]
[PlyCount "95"]
[EventDate "2019.11.19"]
[EventType "swiss"]
[EventCountry "RUS"]
[SourceTitle "playchess.com"]
[Source "ChessBase"]
[SourceQuality "1"]
[TimeControl "5400+30"]

1. d4 {[%emt 0:06:10]} Nf6 {[%emt 0:00:00]} 2. c4 {[%emt 0:00:05]} e6 {[%emt 0:00:00]} 3. Nf3 {[%emt 0:00:14]} b6 {[%emt 0:00:10]} 4. g3 {[%emt 0:00:08]} Ba6 {[%emt 0:00:15]} 5. Qc2 {[%emt 0:03:15]} c5 {[%emt 0:01:28]} 6. d5 {[%emt 0:00:15]} exd5 {[%emt 0:00:30]} 7. cxd5 {[%emt 0:00:26]} Bb7 {[%emt 0:00:29]} 8. Bg2 {[%emt 0:00:11]} Nxd5 {[%emt 0:00:19]} 9. O-O {[%emt 0:00:11]} Nc6 {[%emt 0:03:25]} 10. Rd1 {[%emt 0:01:54]} Be7 {[%emt 0:00:14]} 11. a3 {[%emt 0:01:36]} Nc7 {[%emt 0:04:23]} 12. Nc3 {[%emt 0:02:29]} O-O {[%emt 0:00:30]} 13. Bf4 {[%emt 0:00:37]} Re8 {[%emt 0:05:03]} 14. Rd2 {[%emt 0:06:16]} Ne6 {[%emt 0:02:16]} 15. Rad1 {[%emt 0:06:37]} Nxf4 {[%emt 0:06:09]} 16. gxf4 {[%emt 0:01:29]} d6 {[%emt 0:00:53]} 17. Ne4 {[%emt 0:19:14]} Qd7 {[%emt 0:04:42]} 18. Nxd6 {[%emt 0:05:24]} Bxd6 {[%emt 0:03:02]} 19. Rxd6 {[%emt 0:00:06]} Qg4 {[%emt 0:04:40]} 20. h3 {[%emt 0:01:48]} Qh5 {[%emt 0:00:25]} 21. R1d5 {[%emt 0:14:40]} Nb4 {[%emt 0:00:19]} 22. Rxh5 {[%emt 0:01:11]} Nxc2 {[%emt 0:00:02]} 23. Rd2 {[%emt 0:02:21]} Na1 {[%emt 0:02:22]} 24. Re5 {[%emt 0:05:05]} f6 {[%emt 0:18:54]} 25. Rxe8+ {[%emt 0:00:39]} Rxe8 {[%emt 0:00:01]} 26. Rd7 {[%emt 0:02:04]} Bc6 {[%emt 0:01:15]} 27. Rc7 {[%emt 0:00:32]} Bd5 {[%emt 0:00:52]} 28. e3 {[%emt 0:01:24]} a5 {[%emt 0:00:40]} 29. Nh4 {[%emt 0:01:51]} Bxg2 {[%emt 0:00:20]} 30. Kxg2 {[%emt 0:00:06]} g6 {[%emt 0:03:54]} 31. Rc6 {[%emt 0:00:10]} Kf7 {[%emt 0:04:42]} 32. Rxb6 {[%emt 0:00:29]} a4 {[%emt 0:00:01]} 33. Nf3 {[%emt 0:01:41]} Rd8 {[%emt 0:02:24]} 34. e4 {[%emt 0:04:20]} Nb3 {[%emt 0:00:02]} 35. Ra6 {[%emt 0:02:08]} Nc1 {[%emt 0:02:55]} 36. e5 {[%emt 0:00:16]} Nd3 {[%emt 0:00:29]} 37. Rxf6+ {[%emt 0:00:13]} Ke8 {[%emt 0:00:46]} 38. Ng5 {[%emt 0:00:58]} Rb8 {[%emt 0:00:10]} 39. Kf3 {[%emt 0:07:29]} Rxb2 {[%emt 0:00:36]} 40. Re6+ {[%emt 0:00:31]} Kf8 {[%emt 0:00:02]} 41. Nxh7+ {[%emt 0:00:18]} Kg8 {[%emt 0:01:32]} 42. Re7 {[%emt 0:00:14]} c4 {[%emt 0:00:18]} 43. e6 {[%emt 0:02:04]} Rxf2+ {[%emt 0:00:05]} 44. Kg4 {[%emt 0:00:48]} Rg2+ {[%emt 0:01:19]} 45. Kh4 {[%emt 0:00:30]} g5+ {[%emt 0:00:02]} 46. fxg5 {[%emt 0:00:22]} Ne5 {[%emt 0:00:03]} 47. Nf6+ {[%emt 0:00:14]} Kf8 {[%emt 0:00:06]} 48. Re8+ {[%emt 0:00:04]} 1-0

[Event "15th Governor Cup 2019"]
[Site "Khanty-Mansiysk"]
[Date "2019.11.22"]
[Round "6.5"]
[White "Savitskiy, Sergey"]
[Black "Frolyanov, Dmitry"]
[Result "1/2-1/2"]
[WhiteElo "2396"]
[BlackElo "2556"]
[Annotator "ChessBase"]
[PlyCount "30"]
[EventDate "2019.11.19"]
[EventType "swiss"]
[EventCountry "RUS"]
[SourceTitle "playchess.com"]
[Source "ChessBase"]
[SourceQuality "1"]
[TimeControl "5400+30"]

1. e4 {[%emt 0:00:00]} c5 {[%emt 0:00:00]} 2. Nf3 {[%emt 0:00:00]} Nc6 {[%emt 0:00:00]} 3. Bb5 {[%emt 0:00:00]} g6 {[%emt 0:00:00]} 4. O-O {[%emt 0:00:09]} Bg7 {[%emt 0:00:00]} 5. c3 {[%emt 0:00:31]} Nf6 {[%emt 0:03:44]} 6. Re1 {[%emt 0:00:09]} O-O {[%emt 0:00:30]} 7. d4 {[%emt 0:00:09]} cxd4 {[%emt 0:04:53]} 8. cxd4 {[%emt 0:00:36]} d5 {[%emt 0:01:57]} 9. e5 {[%emt 0:00:20]} Ne4 {[%emt 0:01:14]} 10. Bxc6 {[%emt 0:10:43]} bxc6 {[%emt 0:00:05]} 11. Nbd2 {[%emt 0:00:08]} Bf5 {[%emt 0:10:53]} 12. Nh4 {[%emt 0:03:17]} Be6 {[%emt 0:00:46]} 13. Nhf3 {[%emt 0:00:23]} Bf5 {[%emt 0:11:44]} 14. Nh4 {[%emt 0:02:40]} Be6 {[%emt 0:00:06]} 15. Nhf3 {[%emt 0:02:12]} Bf5 {[%emt 0:17:54]} 1/2-1/2

[Event "15th Governor Cup 2019"]
[Site "Khanty-Mansiysk"]
[Date "2019.11.22"]
[Round "6.6"]
[White "Nesterov, Arseniy"]
[Black "Ponkratov, Pavel"]
[Result "0-1"]
[WhiteElo "2489"]
[BlackElo "2619"]
[Annotator "TA"]
[PlyCount "72"]
[EventDate "2019.11.19"]
[EventType "swiss"]
[EventCountry "RUS"]
[SourceTitle "playchess.com"]
[Source "ChessBase"]
[SourceQuality "1"]

{[%evp 18,72,13,0,0,-39,-47,-33,-70,-32,-38,-37,-37,-41,-34,-34,-43,-38,-31,-38,-49,-106,-106,-85,-94,-79,-44,-37,-41,-28,-39,-42,-35,-29,-59,-39,-47,-39,-46,-74,-58,-25,-44,-114,-100,-90,-91,-81,-80,-277,-281,-241,-232,-1018,-1014,-1055,-1057]} 1. Nf3 Nf6 2. c4 g6 3. d4 Bg7 4. g3 O-O 5. Bg2 d5 6. O-O Nc6 7. cxd5 Nxd5 8. Nc3 Nb6 9. e3 Re8 10. a4 a5 {D76: Fianchetto Grünfeld: Main Line with 7...Nb6} 11. Nb5 Nb4 12. e4 c6 {Black is slightly better.} 13. Na3 Bg4 14. Be3 e5 $146 ({Predecessor:} 14... c5 15. dxc5 Qxd1 16. Rfxd1 Nxa4 17. Nc4 Nxb2 18. Nxb2 Bxb2 {½-½ (60) Lodhi,M (2349)-Liu,Z (2257) Qingdao 2019}) 15. dxe5 Qxd1 16. Rfxd1 Nxa4 17. Nc4 b5 {And now ...Nc2 would win.} 18. Rd2 $1 Red8 19. Nd4 (19. Nxa5 $15 Bxf3 20. Bxf3) 19... bxc4 $17 20. Rxa4 c5 21. Nf3 Nd3 {aiming for ...Rdb8.} 22. h3 $1 {[%cal Rh3g4]} Bxf3 23. Bxf3 Rdb8 24. e6 $1 fxe6 25. Bg4 $1 Nxb2 26. Bxe6+ Kh8 27. Ra3 Ra6 28. Bf4 c3 $36 {[%mdl 2048] Black has some pressure.} 29. Rd7 Rf8 30. Bb3 (30. Ba2 $15) 30... a4 31. Bc2 Bd4 32. h4 Raf6 33. Bxa4 $2 (33. h5 $17) 33... Rxf4 $19 34. gxf4 {[#]} Ra8 $1 35. Bb3 $2 (35. Rxc3 Bxc3 36. Bc6) 35... Rxa3 36. Rd8+ Kg7 {Accuracy: White = 42%, Black = 95%.} 0-1